LEADER 02783oam 2200457 450 001 9910437974403321 005 20190911103509.0 010 $a1-4302-6302-4 024 7 $a10.1007/978-1-4302-6302-9 035 $a(OCoLC)867854332 035 $a(MiFhGG)GVRL6UKT 035 $a(EXLCZ)993710000000031163 100 $a20140410d2013 uy 0 101 0 $aeng 135 $aurun|---uuuua 181 $ctxt 182 $cc 183 $acr 200 10$aBeginning Java with WebSphere /$fRobert W. Janson 205 $a1st ed. 2013. 210 1$aNew York :$cApress,$d2013. 215 $a1 online resource (xxiii, 532 pages) $cillustrations (some color) 225 0 $aThe expert's voice in Java Beginning Java with Websphere 300 $aIncludes index. 311 $a1-4302-6301-6 327 $a""Foreword""; ""About the Author""; ""About the Technical Reviewer""; ""Acknowledgments""; ""CHAPTER 1 Java Basics""; ""CHAPTER 2 Java on a PC""; ""CHAPTER 3 Graphical User Interfaces""; ""CHAPTER 4 More GUI and the Visual Editor""; ""CHAPTER 5 Variables""; ""CHAPTER 6 Conditional Logic and Checkboxes""; ""CHAPTER 7 Application Improvements""; ""CHAPTER 8 Servlets""; ""CHAPTER 9 Java Server Pages""; ""CHAPTER 10 Database Access""; ""CHAPTER 11 Custom Tag""; ""CHAPTER 12 JavaServer Faces""; ""APPENDIX A Installing a Java Application on a PC""; ""APPENDIX B SQL"" 327 $a""APPENDIX C Installing a Java Application on WAS""""Index"" 330 $aBeginning Java with WebSphere provides a step-by-step guide for creating and installing both client- and server-based Java applications using Rapid Application Development v8, WebSphere Application Server 8.0, and Java. Since more and more Java applications are moving to the server and using HTML for the user interface, there is a minimal amount of time spent exploring the Java GUI components. More specifically, this book covers graphical user interfaces using RAD's Visual Editor, variables, conditional logic, and application improvements/enhancements from the client side. And, from the server-side, this book covers servlets, JavaServer Pages (JSPs), database accessibility (JDBC), custom tags, and concludes with JavaServer Faces (JSFs). This book concentrate on base topics that allow you to get to the server-side and database topics quickly. 410 0$aExpert's voice in Java. 606 $aJava (Computer program language) 615 0$aJava (Computer program language) 676 $a004 676 $a005.272 676 $a006.76 700 $aJanson$b Robert W$4aut$4http://id.loc.gov/vocabulary/relators/aut$0860176 801 0$bMiFhGG 801 1$bMiFhGG 906 $aBOOK 912 $a9910437974403321 996 $aBeginning Java with WebSphere$91919285 997 $aUNINA LEADER 01857nas 2200409 n 450 001 990008896890403321 005 20240229084445.0 011 $a1593-7631 035 $a000889689 035 $aFED01000889689 035 $a(Aleph)000889689FED01 035 $a000889689 091 $2CNR$aP 00070867 100 $a20090724b19241936km-y0itaa50------ba 101 0 $aita 102 $aIT 110 $aauu-------- 200 1 $aAnnali del R. Istituto Superiore Agrario e Forestale di Firenze 207 1$a1924-1936 210 $aFirenze$c[s.n.] 430 0$1001000889690$12001$aAnnali del R. Istituto Superiore Forestale Nazionale 440 0$1001000889773$12001$aAnnali della Facoltà di Agraria e Forestale. R. Università di Firenze 530 0 $aAnnali del R. Istituto Superiore Agrario e Forestale di Firenze 675 $a631/632 675 $a634 675 $a631/635 712 02$aIstituto superiore agrario e forestale di Firenze 801 0$aIT$bACNP$c20090723 859 4 $uhttp://acnp.cib.unibo.it/cgi-ser/start/it/cnr/dc-p1.tcl?catno=45388&person=false&language=ITALIANO&libr=&libr_th=unina1$zBiblioteche che possiedono il periodico 901 $aSE 912 $a990008896890403321 958 $aBiblioteca Centralizzata. Facoltà di Agraria dell'Università Federico II di Napoli$b1924-1936.$fFAGBC 959 $aFAGBC 996 $aAnnali del R. Istituto Superiore Agrario e Forestale di Firenze$9801242 997 $aUNINA AP1 8 $6866-01$aNA087 Biblioteca Centralizzata. Facoltà di Agraria dell'Università Federico II di Napoli$ev. Università, 100 Palazzo Reale, 80055 Portici (NA)$m081-2539322$m081-7760229$nit AP2 40$aacnp.cib.unibo.it$nACNP Italian Union Catalogue of Serials$uhttp://acnp.cib.unibo.it/cgi-ser/start/it/cnr/df-p.tcl?catno=45388&language=ITALIANO&libr=&person=&B=1&libr_th=unina&proposto=NO LEADER 01148nam0-22003851i-450 001 990003271820403321 005 20260122100754.0 035 $a000327182 035 $aFED01000327182 035 $a(Aleph)000327182FED01 100 $a20030910d1981----km-y0itay50------ba 101 0 $aita 102 $aIT 105 $aa-------001yy 200 1 $a<>distribuzione dei servizi in Piemonte$f[Sergio Conti, Marco Peretto, Marco Piana, Mario Pianta, Anna Segre] 210 $aSavigliano$cNAG$d1981 215 $a171 p.$cill.$d30 cm 225 1 $aQuaderni della programmazione 610 0 $aPiemonte$aServizi 610 0 $aAmministrazione pubblica 676 $a074.014 676 $a351$v23$zita 702 1$aConti,$bSergio$f<1948- > 710 02$aPiemonte$c$06390 801 0$aIT$bUNINA$gRICA$2UNIMARC 901 $aBK 912 $a990003271820403321 952 $aB-It 0203$bB.F.L.F. 60371$fILFGE 952 $a074.014.PIE.05$b2790$fDECGE 952 $aF ECO 578$b02/0008/26$fFAGBC 959 $aDECGE 959 $aILFGE 959 $aFAGBC 996 $aDistribuzione dei servizi in Piemonte$9450684 997 $aUNINA